Prieskum a rozbor potrieb výrobkov vyrábaných v národnom podniku Izomat Nová Baňa záverečná práca postgraduálneho štúdia

Gespeichert in:
Bibliographische Detailangaben
1. Verfasser: Šteflovič, František
Körperschaft: Vysoká škola ekonomická v Bratislave
Weitere Verfasser: Horčiak, Jozef
Format: Buch
Sprache:Slowakisch
Veröffentlicht: Bratislava 1988
Tags: Tag hinzufügen
Keine Tags, Fügen Sie das erste Tag hinzu!

MARC

LEADER 00000nam a2200000 4500
001 c025418
005 20221219092106.5
041 0 |a slo 
044 |a SK 
245 1 0 |a Prieskum a rozbor potrieb výrobkov vyrábaných v národnom podniku Izomat Nová Baňa  |b záverečná práca postgraduálneho štúdia  |c František Šteflovič ; Ved. práce Jozef Horčiak 
264 1 |a Bratislava  |c 1988 
300 |a 54 s. 
100 1 |a Šteflovič, František 
700 1 |a Horčiak, Jozef 
710 2 |a Vysoká škola ekonomická v Bratislave